Derecho romano: instituciones de derecho privado

Gespeichert in:
Bibliographische Detailangaben
1. Verfasser: Iglesias Santos, Juan (autor)
Format: Buch
Sprache:Spanisch
Veröffentlicht: Barcelona Ariel 1958
Ausgabe:3a. ed
Schlagworte:
Tags: Tag hinzufügen
Keine Tags, Fügen Sie den ersten Tag hinzu!

MARC

LEADER 00000nam a2200000 a 4500
001 UCY0429
003 CL-VaPUC
005 20220323170703.0
008 940801e19580000SP |||||||||||||||||spa|d
999 |c 229429  |d 229427 
040 |c Pontificia Universidad Católica de Valparaíso 
082 0 4 |a 340.54  |b IGL  |2 21 
100 |a Iglesias Santos, Juan  |e autor  |9 857449 
245 1 0 |a Derecho romano: instituciones de derecho privado 
250 |a 3a. ed 
260 |a Barcelona  |b Ariel  |c 1958 
300 |a 703 p 
583 |a last modification  |c 19940801 00:00:00  |k Rodrigo Vera 
650 0 |a Derecho romano  |9 255930 
852 |a BIBCUR 
942 |c BK  |2 ddc 
945 |d 19940801 00:00:00  |a aalvarez 
952 |0 0  |1 0  |4 0  |6 340_540000000000000_IGL_1958  |7 0  |8 A  |9 230537  |a BIBDER  |b BIBDER  |d 2019-11-15  |i 3000192  |l 13  |o 340.54 IGL 1958  |p 3000192  |r 2025-03-25  |s 2025-03-24  |w 2019-11-15  |y BK  |k DER